Trouvez les Vrais éléments Atomiques ! - Mort Subite - Statistiques

Statistiques générales
  • Ce quiz a été pris 162 fois
  • Le résultat moyen est 5 sur 15
Answers on the Grid
Answers color-coded by a green-red scale on the quiz's grid according to % correct below.
Gabbro
Vibranium
Strontium
Soulium
Pompidou
Julium
Amarillum
Cadmium
Flérovium
Malachite
Hassium
Varsovium
Ferrocérium
Calimerium
Butane
Rapasdepic
Cérium
Titanic
Astate
Macronium
Brasilium
Ytterbium
Saccharose
Zinc
Erbium
Lapis-lazuli
Nouméa
Herbium
Facilitium
Cobalt
Obsidienne
Strongium
Touareg
Argentinium
Néodyme
Vuittonium
Superium
Reichium
Polgneium
Gougnafier
Darmstadtium
Néonatalium
Indonésium
Mélodème
Acide
Américium
Germanium
Monet (Claude)
Pierre
Francium
 
Statistiques - réponses
Réponse % Correct
Zinc
73%
Cobalt
55%
Strontium
50%
Germanium
46%
Cadmium
42%
Francium
36%
Ytterbium
32%
Erbium
31%
Cérium
29%
Américium
28%
Astate
27%
Néodyme
22%
Darmstadtium
17%
Flérovium
17%
Hassium
16%
Aucun quiz correspondant
Distribution des résultats
% des personnes avec chaque résultat
Percentile par nombre de réponses
Votre historique - résultats
Vous n’avez pas pris ce quiz